Port-Tarascon (Record no. 6751)

MARC details
000 -CABECERA
campo de control de longitud fija 00767nam a2200241 a 4500
001 - NÚMERO DE CONTROL
campo de control BRCA_7070
005 - FECHA Y HORA DE LA ÚLTIMA TRANSACCIÓN
campo de control 20190320205713.0
008 - DATOS DE LONGITUD FIJA--INFORMACIÓN GENERAL
campo de control de longitud fija 220611s1890----fr-a######---#000-0#fre-#
041 ## - CÓDIGO DE LENGUA
Código de lengua del texto/banda sonora o título independiente fre
044 ## - CÓDIGO DEL PAÍS DE LA ENTIDAD EDITORA/PRODUCTORA
Código MARC del país fr
050 #4 - SIGNATURA TOPOGRÁFICA DE LA BIBLIOTECA DEL CONGRESO
Número de clasificación PQ2216
Número de documento/Ítem .P7 2
-- 1890
100 1# - ENTRADA PRINCIPAL--NOMBRE DE PERSONA
Nombre de persona Daudet, Alphonse
Fechas asociadas al nombre 1840-1897
9 (RLIN) 15254
245 10 - MENCIÓN DE TÍTULO
Título Port-Tarascon
Resto del título dernières aventures de l´illustre Tartarin
Mención de responsabilidad, etc. illustrations de Bieler, Montégut, Montenard, Myrbach et Ross
260 ## - PUBLICACIÓN, DISTRIBUCIÓN, ETC.
Lugar de publicación, distribución, etc. París
Nombre del editor, distribuidor, etc. E. Flammarion
Fecha de publicación, distribución, etc. [1890]
300 ## - DESCRIPCIÓN FÍSICA
Extensión 348 p.
Otras características físicas il.
Dimensiones 19 cm.
440 #0 - MENCIÓN DE SERIE/PUNTO DE ACCESO ADICIONAL--TÍTULO
Título Collection Guillaume
9 (RLIN) 15597
500 ## - NOTA GENERAL
Nota general Estado físico: lomo, cubiertas y algunas páginas rotas.
500 ## - NOTA GENERAL
Nota general Ejemplar igual a I14
500 ## - NOTA GENERAL
Nota general O39
650 14 - PUNTO DE ACCESO ADICIONAL DE MATERIA--TÉRMINO DE MATERIA
Término de materia o nombre geográfico como elemento de entrada Literatura Francesa.
9 (RLIN) 17582
902 ## - CATALOGADOR
Iniciales GFM
942 ## - ELEMENTOS DE PUNTO DE ACCESO ADICIONAL (KOHA)
Fuente del sistema de clasificación o colocación Library of Congress Classification
Tipo de ítem Koha Libros
Holdings
Estado de retiro Estado de pérdida Estado dañado No para préstamo Localización permanente Ubicación/localización actual Fecha de adquisición Número de inventario Total de préstamos Signatura topográfica completa Código de barras Fecha visto por última vez Precio válido a partir de Tipo de ítem Koha
El ejemplar forma parte de la colección y puede ser consultado según las políticas vigentes.       Biblioteca del Museo Franz Mayer (Rogerio Casas-Alatriste) Biblioteca del Museo Franz Mayer (Rogerio Casas-Alatriste) 07/12/2011 O39   PQ2216 .P7 2 1890 (O39) 7517 22/03/2019 22/03/2019 Libros